LEADER 01686nam 2200349 450 001 996278274403316 005 20231207112306.0 010 $a0-7381-6547-6 024 7 $a10.1109/IEEESTD.2011.5724328 035 $a(CKB)3780000000091091 035 $a(NjHacI)993780000000091091 035 $a(EXLCZ)993780000000091091 100 $a20231207d2011 uy 0 101 0 $aeng 135 $aur||||||||||| 181 $ctxt$2rdacontent 182 $cc$2rdamedia 183 $acr$2rdacarrier 200 10$aIEEE Std 1702-2011 $eIEEE Standard for Telephone Modem Communication Protocol to Complement the Utility Industry End Device Data Tables /$fInstitute of Electrical and Electronics Engineers 210 1$aNew York, NY, USA :$cIEEE,$d2011. 215 $a1 online resource (viii, 63 pages) $cillustrations 330 $aThis standard provides multisource and "plug and play" environment for the millions of metering devices in the field now and in the future using the telephone modem communication interface. It solves the problems associated with single-source systems and with multisource systems based upon proprietary communications protocols. Electric, water, and gas utilities and corresponding vendors can realize cost savings that ultimately shall benefit the client consumers of the utilities. 517 $aIEEE Std 1702-2011: IEEE Standard for Telephone Modem Communication Protocol to Complement the Utility Industry End Device Data Tables 606 $aModems 615 0$aModems. 676 $a004.64 801 0$bNjHacI 801 1$bNjHacl 906 $aDOCUMENT 912 $a996278274403316 996 $aIEEE Std 1702-2011$92577573 997 $aUNISA LEADER 03205nas 2200793- 450 001 996398347703316 005 20230522010532.0 011 $a1753-836X 035 $a(DE-599)ZDB2423852-1 035 $a(OCoLC)271831429 035 $a(CKB)1000000000394236 035 $a(CONSER)--2017208407 035 $a(EXLCZ)991000000000394236 100 $a20070205a20089999 s-- a 101 0 $aeng 135 $aur||||||||||| 181 $ctxt$2rdacontent 182 $cc$2rdamedia 183 $acr$2rdacarrier 200 00$aInternational journal of workplace health management 210 1$a[Bingley, U.K.] :$cEmerald Group Publishing Ltd.,$d2008- 215 $a1 online resource 311 $a1753-8351 330 3 $aInternational Journal of Workplace Health Management will consider workplace health from both the wider public health perspective, and the perspective of the individual organization. Workplace health and related issues will be discussed in the context of three key guiding principles: Individual health - to include primary prevention, behaviour modification, attitudes and lifestyle choice, health education, health promotion, and how to motivate people Workplace culture - to include management policies and procedures, communication systems, training opportunities, and work-life balance, and the effect this has on morale and well-being Physical work issues - to include musculoskeletal health/ergonomics as well as health and safety legislation and occupational health, how effective policies are, and the level of compliance 517 1 $aWorkplace health management 517 1 $aIJWHM 606 $aIndustrial hygiene$vPeriodicals 606 $aIndustrial safety$vPeriodicals 606 $aSécurité du travail$vPériodiques 606 $aPublications périodiques$2eclas 606 $aLieu de travail$2eclas 606 $aSécurité du travail$2eclas 606 $aIndustrial hygiene$2fast$3(OCoLC)fst00971122 606 $aIndustrial safety$2fast$3(OCoLC)fst00971664 608 $aPeriodicals.$2fast 610 00$agezondheidsbescherming 610 00$ahealth protection 610 00$aberoepskwalen 610 00$aoccupational disorders 610 00$aergonomie 610 00$aergonomics 610 00$aarbeidsomstandigheden 610 00$aworking conditions 610 00$avolksgezondheid 610 00$apublic health 610 00$amentale stress 610 00$amental stress 610 00$awelzijn 610 00$awell-being 610 10$aErgonomics 610 20$aWorking Conditions 610 20$aPublic Health 610 10$aErgonomie 610 20$aArbeidsomstandigheden, arbeidsvoorwaarden 610 20$aVolksgezondheid 615 0$aIndustrial hygiene 615 0$aIndustrial safety 615 6$aSécurité du travail 615 7$aPublications périodiques. 615 7$aLieu de travail. 615 7$aSécurité du travail. 615 7$aIndustrial hygiene. 615 7$aIndustrial safety. 676 $a658.38205 712 02$aEmerald Group Publishing, 906 $aJOURNAL 912 $a996398347703316 996 $aInternational journal of workplace health management$91759232 997 $aUNISA